000 01282nam a2200301 a 4500
001 000036203
005 20240307073942.0
008 120111s2011 dr ad 001 0 spa d
020 _a9789945472073
040 _aDO-SdBNP
_bspa
_cBNPHU
082 _a338.97293
_bC961d
245 0 2 _a4 décadas de políticas de desarrollo productivo en República Dominicana.
246 0 0 _aCuatro décadas de políticas de desarrollo productivo en República Dominicana /
_cRolando M. Guzmán ...[et al.].
246 1 2 _a4 décadas de políticas de desarrollo productivo en República Dominicana.
260 _aSanto Domingo :
_bINTEC,
_c2011.
300 _a185 p. :
_bil., gráfcs. ;
_c23 cm.
500 _aIncluye referencias bibliográficas y notas al pie de las páginas
504 _aBibliografía : 155-168
590 _aInventariado, 2018/BT
650 4 _aPlanificación de la producción
_xRepública dominicana
_962263
650 4 _aPlanificación económica
_xRepública dominicana
_962264
651 4 _aRepública Dominicana
_xPolítica Económica
_9643
700 1 2 _aAgosin, Manuel
_962265
700 1 2 _aLizardo, Magdalena
_938602
700 1 2 _aCapellán, Rafael
_956150
710 2 2 _aInstituto Tecnológico de Santo Domingo
_978911
910 _aValidado. Control de calidad. EMS
999 _c35694
_d35694